00367nam a2200097Ia 4500008004100000100002100041245009200062260003900154650001500193856006100208160909s9999 xx 000 0 und d aRedman, David J. aMotivation of Adult, Auditioned Community Choirs: Implications toward Lifelong Learning bUniversity of South Florida.c2016 aPSYCHOLOGY uhttp://pqdtopen.proquest.com/doc/1781246022.html?FMT=ABS